UK Net Zero Carbon Buildings Standard (Record no. 121714)

MARC details
000 -LEADER
fixed length control field 01593nam a22002777a 4500
008 - FIXED-LENGTH DATA ELEMENTS--GENERAL INFORMATION
fixed length control field 231113s2023 xxk|||||o|||| 00| 0 eng d
041 ## - LANGUAGE CODE
Language code of text/sound track or separate title eng
110 ## - MAIN ENTRY--CORPORATE NAME
Corporate author Royal Institution of Chartered Surveyors
245 ## - TITLE STATEMENT
Title UK Net Zero Carbon Buildings Standard
Medium [Electronic resource]
260 ## - PUBLICATION INFORMATION
Publisher Royal Institution of Chartered Surveyors (and others),
Date 2023
520 ## - ABSTRACT
Abstract The UK's first Net Zero Carbon Buildings Standard that brings together Net-Zero Carbon requirements for all major building types, based on a 1.5°C trajectory. Leading industry organisations BBP, BRE, the Carbon Trust, CIBSE, IStructE, LETI, RIBA, RICS, and UKGBC have joined forces to champion this initiative. The UK Net Zero Carbon Buildings Standard will enable industry to robustly prove their built assets are net zero carbon and in line with our nation’s climate targets. The Standard will align as far as possible with existing Net Zero initiatives and Standards.
650 ## - KEYWORDS
Keywords CARBON EMISSIONS
650 ## - KEYWORDS
Keywords DECARBONISATION
650 ## - KEYWORDS
Keywords NET ZERO
651 ## - SUBJECT ADDED ENTRY--GEOGRAPHIC NAME
Geographic name United Kingdom
710 ## - ADDED CORPORATE NAME
Added corporate author Royal Institution of Chartered Surveyors
710 ## - ADDED CORPORATE NAME
Added corporate author Better Buildings Partnership
710 2# - ADDED CORPORATE NAME
Added corporate author BRE Global
710 ## - ADDED CORPORATE NAME
Added corporate author London Energy Transformation Initiative
710 ## - ADDED CORPORATE NAME
Added corporate author Chartered Institution of Building Services Engineers
710 ## - ADDED CORPORATE NAME
Added corporate author Royal Institute of British Architects
710 2# - ADDED CORPORATE NAME
Added corporate author The Carbon Trust
710 ## - ADDED CORPORATE NAME
Added corporate author Institution of Structural Engineers
856 ## - ONLINE RESOURCE
Uniform Resource Identifier <a href="https://www.nzcbuildings.co.uk/">https://www.nzcbuildings.co.uk/</a>
Public note Available from NZC Buildings consortium
942 ## - ADDED ENTRY ELEMENTS (KOHA)
Suppress in OPAC Do not suppress in OPAC
Holdings
Lost status Damaged status Not for loan Current library Shelving location Date acquired Total Checkouts Full call number Date last seen Price effective from Koha item type
      Virtual Online 13/11/2023   WEBSITE 13/11/2023 13/11/2023 Online material